[Event "Tourn. n9438"]
[Site "www.chess-mail.com"]
[Date "2017.08.07"]
[Round "1"]
[White "Prize64"]
[Black "Fabos12"]
[WhiteElo "2040"]
[BlackElo "1910"]
[Result "0-1"]
[Round "1"]
1.e4 e5
2.Ng1f3 Nb8c6
3.Bf1c4 h6
4.c3 Ng8f6
5.d3 Bf8c5
6.O-O d6
7.Nb1d2 Bc8g4
8.h3 Bg4h5
9.Rf1e1 Qd8d7
10.Bc4b5 a6
11.Bb5a4 O-O-O
 { time }
0-1

[Event "Tourn. n9434"]
[Site "www.chess-mail.com"]
[Date "2017.08.07"]
[Round "1"]
[White "Prize64"]
[Black "Falcoale"]
[WhiteElo "2180"]
[BlackElo "2050"]
[Result "0-1"]
[Round "1"]
1.e4 c5
2.Ng1f3 Nb8c6
3.Bf1b5 a6
4.Bb5xc6 bxc6
5.O-O e6
6.Nb1c3 Ng8f6
7.e5 Nf6d5
8.Nc3e4 Qd8c7
9.a3 Bc8b7
10.d3 Bf8e7
11.Rf1e1 O-O
12.Bc1g5 f6
13.exf6 Be7xf6
14.Bg5xf6 Nd5xf6
15.Ne4xc5 Bb7c8
16.Qd1e2 Nf6g4
17.g3 Qc7b6
 { time }
0-1

[Event "Tourn. n9440"]
[Site "www.chess-mail.com"]
[Date "2017.08.07"]
[Round "1"]
[White "Madz123456"]
[Black "Mitja"]
[WhiteElo "2010"]
[BlackElo "2000"]
[Result "0-1"]
[Round "1"]
1.e4 d5
2.exd5 Qd8xd5
3.Nb1c3 Qd5d8
4.d4 e6
5.Ng1f3 h6
6.Nc3e4 Ng8f6
7.Bf1d3 Nf6xe4
8.Bd3xe4 c6
9.Nf3e5 Nb8d7
10.Qd1f3 Nd7xe5
11.dxe5 Qd8c7
12.O-O Bc8d7
13.Rf1d1 Bf8e7
14.Bc1e3 Qc7xe5
 { time }
0-1

[Event "Tourn. n9480"]
[Site "www.chess-mail.com"]
[Date "2017.08.07"]
[Round "1"]
[White "Bojan"]
[Black "Goofy"]
[WhiteElo "2030"]
[BlackElo "2260"]
[Result "0-1"]
[Round "1"]
1.e4 d5
2.exd5 Ng8f6
3.c4 c6
4.dxc6 Nb8xc6
5.Ng1f3 e5
6.Nb1c3 e4
7.Nf3g5 Bc8f5
8.Bf1e2 Bf8c5
9.Qd1c2 Bc5xf2
10.Kxf2 e3
{ resign }
0-1

[Event "Tourn. n9435"]
[Site "www.chess-mail.com"]
[Date "2017.08.07"]
[Round "1"]
[White "Bigrezi"]
[Black "Bira47"]
[WhiteElo "2020"]
[BlackElo "2090"]
[Result "1-0"]
[Round "1"]
1.e4 c5
2.Ng1f3 e6
3.d4 cxd4
4.Nf3xd4 a6
5.Bf1d3 b5
6.a4 b4
7.O-O Bc8b7
8.Rf1e1 h6
9.e5 Nb8c6
10.Nd4xc6 Bb7xc6
11.Nb1d2 Ng8e7
12.Nd2c4 Ne7c8
13.Qd1g4 g5
14.Bc1e3 Ra8b8
15.a5 d5
16.exd6 Nc8xd6
17.Be3d4 h5
18.Re1xe6 fxe6
19.Qg4xe6 Bf8e7
20.Bd3g6  { time }
1-0

[Event "Tourn. n9438"]
[Site "www.chess-mail.com"]
[Date "2017.08.07"]
[Round "1"]
[White "Geretree"]
[Black "Prize64"]
[WhiteElo "1920"]
[BlackElo "2040"]
[Result "1-0"]
[Round "1"]
1.e4 c5
2.Ng1f3 Nb8c6
3.d4 cxd4
4.Nf3xd4 e5
5.Nd4xc6 bxc6
6.Bf1c4 Ng8f6
7.Nb1c3  { time }
1-0

[Event "Match"]
[Site "www.echecsemail.com"]
[Date "2017.08.07"]
[Round "1"]
[White "Cjood"]
[Black "Bojan"]
[WhiteElo "1980"]
[BlackElo "1940"]
[Result "0-1"]
[Round "1"]
1.g3 c6
2.c4 g6
3.Nb1c3 Bf8g7
4.Qd1c2 d6
5.Bf1g2 Bc8f5
6.d3 Nb8d7
7.e4 Bf5e6
8.Bc1d2 f5
9.exf5 Be6xf5
10.Ng1e2 Nd7c5
11.Ne2f4 e5
12.b4 Nc5e6
13.Nf4xe6 Bf5xe6
14.O-O Ng8e7
15.Ra1e1 Qd8b6
16.a4 Ne7f5
17.c5 dxc5
18.bxc5 Qb6xc5
19.Re1e4 O-O
20.Qc2b2 b6
21.Rf1e1 Qc5e7
22.Re4xe5 Bg7xe5
23.Re1xe5 Ra8c8
24.Nc3e4 Nf5d6
25.Ne4xd6 Rc8d8
26.Nd6e4 Qe7f7
27.Bd2g5 Rd8xd3
28.h4 Qf7d7
29.Ne4f6 Rf8xf6
30.Bg5xf6 Rd3d1
31.Kh2 Rd1d2
32.Qb2c3 Rd2xf2
33.Qc3e3 Rf2xf6
34.Qe3g5 Rf6f2
35.Qg5e3 Rf2f6
36.Qe3c3 c5
37.Qc3e3 c4
38.Bg2d5 Be6xd5
39.Re5e8 Rf6f8
40.Re8e7 Qd7xa4
41.Qe3d4 Qa4c2
42.Kh3 Bd5g2
43.Kg4 Qc2f5
{ resign }
0-1

[Event "Match"]
[Site "www.echecsemail.com"]
[Date "2017.08.07"]
[Round "1"]
[White "Cjood"]
[Black "Witpar"]
[WhiteElo "2170"]
[BlackElo "2690"]
[Result "0-1"]
[Round "1"]
1.e4 c5
2.f4 d5
3.exd5 Ng8f6
4.c4 e6
5.Qd1e2 Bf8e7
6.dxe6 Bc8xe6
7.b3 Nb8c6
8.Bc1b2 O-O
9.Ng1f3 Rf8e8
10.Nb1c3 Nc6d4
11.Nf3xd4 cxd4
12.Nc3e4 Be6g4
13.Qe2d3 Nf6xe4
14.Bb2xd4 Ne4c5
15.Qd3e3 Be7h4
{ resign }
0-1

[Event "Match"]
[Site "www.echecsemail.com"]
[Date "2017.08.07"]
[Round "1"]
[White "Susov"]
[Black "Cjood"]
[WhiteElo "1870"]
[BlackElo "1810"]
[Result "0-1"]
[Round "1"]
1.e4 e5
2.Ng1f3 Ng8f6
3.Nb1c3 Nb8c6
4.Bf1c4 Bf8c5
5.d3 d6
6.h3 Nc6a5
7.Bc1g5 Na5xc4
8.dxc4 h6
9.Bg5xf6 Qd8xf6
10.Nc3d5 Qf6d8
11.b4 Bc5b6
12.O-O c6
13.Nd5xb6 axb6
14.a4 Bc8e6
15.Nf3d2 Qd8d7
16.a5 bxa5
17.bxa5 O-O
18.Qd1f3 c5
19.Qf3b3 f5
20.Rf1b1 Ra8b8
21.Qb3b5 Qd7xb5
22.cxb5 fxe4
23.Nd2xe4 Rf8d8
24.a6 bxa6
25.Ra1xa6 Be6f5
26.Ne4xd6 Bf5xc2
27.Rb1b2 Bc2d3
28.Ra6a7 Rd8xd6
29.Ra7a3 Bd3xb5
30.Ra3a5 Rd6b6
31.f3 Kf7
32.Kf2 Ke6
33.Ke3 Kd5
34.Ra5a7 g5
35.Rb2d2 Ke6
36.Ra7h7 Kf5
37.g4 Kg6
38.Rh7e7 Rb8e8
39.Re7c7 Bb5f1
40.Rc7xc5 Bf1xh3
41.Ke4 Rb6b4
42.Ke3 Rb4b3
43.Kf2 Re8f8
44.Rd2d6 Rf8f6
45.Rd6d8 Rb3xf3
46.Ke1 Rf3f1
47.Kd2 Rf6f2
48.Ke3 Bh3xg4
49.Rd8g8 Kh5
50.Kd3 Bg4f5
51.Ke3 Rf2f3
52.Ke2 Rf1f2
53.Ke1 g4
54.Rc5xe5 Kh4
55.Kd1 g3
56.Re5e1 g2
57.Re1g1 Rf2f1
58.Ke2 Bf5d3
59.Kd2 Rf1xg1
60.Rg8g4 Kxg4
{ resign }
0-1

[Event "Match"]
[Site "www.echecsemail.com"]
[Date "2017.08.07"]
[Round "1"]
[White "Biggles"]
[Black "Cjood"]
[WhiteElo "2090"]
[BlackElo "1900"]
[Result "1-0"]
[Round "1"]
1.e4 e5
2.Bf1c4 Ng8f6
3.Nb1c3 Bf8c5
4.Ng1f3 Nb8c6
5.O-O O-O
6.d3 d6
7.Bc1g5 a6
8.Nc3d5 Nc6d4
9.Nd5xf6 gxf6
10.Bg5h6 Rf8e8
11.Nf3xd4 Bc5xd4
12.Qd1f3 Kh8
13.Bc4xf7 Re8e7
14.Qf3xf6 
1-0

[Event "Match"]
[Site "www.echecsemail.com"]
[Date "2017.08.07"]
[Round "1"]
[White "Cjood"]
[Black "Whitekknight"]
[WhiteElo "2140"]
[BlackElo "1940"]
[Result "1-0"]
[Round "1"]
1.e4 e5
2.Ng1f3 Nb8c6
3.Bf1c4 h6
4.c3 Qd8f6
5.d4 exd4
6.Nf3xd4 Nc6xd4
7.cxd4 Bf8b4
8.Nb1c3 Ng8e7
9.O-O Ne7c6
10.Bc1e3 O-O
11.e5 Qf6d8
12.Nc3e4 Qd8e8
13.Qd1g4 d5
14.Ne4f6 Kh8
15.Nf6xe8 Bc8xg4
16.Ne8xc7 dxc4
17.Nc7xa8 Rf8xa8
18.a3 Bb4e7
19.f3 Bg4e6
20.Ra1d1 Be6d5
21.Be3f4 Ra8c8
22.Bf4g3 Rc8d8
23.Rf1f2 Rd8e8
24.f4 Nc6a5
25.f5 Na5b3
26.f6 gxf6
27.exf6 Be7d8
28.Rf2f5 Bd5e6
29.Rd1e1 Nb3xd4
30.Rf5h5 Nd4f5
31.Rh5xf5 Bd8b6
32.Kh1 Re8g8
33.Rf5h5 Rg8g6
34.Re1xe6 fxe6
35.f7 Bb6c5
36.Rh5xc5 Kg7
37.Rc5xc4 Kxf7
38.Rc4c7 Kf6
39.Rc7xb7 Rg6g5
40.Rb7xa7 Rg5d5
41.h4 Rd5d3
42.Bg3f4 h5
43.Ra7a5 Rd3b3
44.Bf4c1 e5
45.Ra5a6 Kf5
46.Kh2 Rb3d3
47.b4 Kg4
48.Bc1g5 e4
49.g3 Kf3
50.Ra6f6 Ke2
51.Rf6f4 e3
52.Rf4e4 Rd3xa3
53.Re4xe3 { resign }
1-0

[Event "Match"]
[Site "www.echecsemail.com"]
[Date "2017.08.07"]
[Round "1"]
[White "Bojan"]
[Black "Mitja"]
[WhiteElo "2020"]
[BlackElo "2000"]
[Result "1-0"]
[Round "1"]
1.d4 d5
2.c4 dxc4
3.e4 e6
4.Bf1xc4 c6
5.a3 h6
6.h4 Ng8f6
7.Nb1c3 Bf8e7
8.Bc1e3 b6
9.f3 Bc8b7
10.Ng1h3 Nb8d7
11.Qd1b3 b5
12.Bc4e2 Nd7b6
13.a4 a6
14.g3 Nf6h5
15.Be3f2 Nh5f6
16.g4 Nf6d7
17.a5 Nb6c8
18.Qb3a2 O-O
19.Ra1d1 Be7xh4
20.Nh3f4 Bh4xf2
21.Kxf2 Qd8e7
22.Qa2b3 Nd7f6
23.Qb3c2 Nf6h7
24.Rh1h5 Nh7f6
25.Rh5h3 Qe7c7
26.e5 Nf6d5
27.Nc3xd5 exd5
28.g5 Rf8e8
29.gxh6 gxh6
30.Qc2f5 Nc8d6
31.Rd1g1 Kf8
32.exd6 Qc7xd6
33.Nf4g6 Kg7
34.Ng6e5 { resign }
1-0

[Event "Match"]
[Site "www.echecsemail.com"]
[Date "2017.08.07"]
[Round "1"]
[White "Ssharp"]
[Black "Mitja"]
[WhiteElo "2330"]
[BlackElo "1990"]
[Result "0-1"]
[Round "1"]
1.e4 d5
2.exd5 Qd8xd5
3.Nb1c3 Qd5d8
4.d4 e6
5.Ng1f3 c6
6.Bf1d3 h6
7.O-O Ng8f6
8.Rf1e1 Bf8e7
9.Nc3e4 Nf6xe4
10.Re1xe4 Nb8d7
11.Re4g4 g5
12.Rg4e4 Nd7f6
13.Re4e1 b6
14.c3 Bc8b7
15.Nf3e5 Nf6d7
16.Ne5g4 Qd8c7
17.b4 O-O-O
18.a4 h5
19.Ng4e3 g4
20.Bc1d2 Rd8g8
21.c4 Be7f6
22.Bd2c3 Qc7f4
23.g3 Qf4c7
24.Bd3f1 Bf6g7
25.Bf1g2 f5
26.Ne3f1 Rg8e8
27.Qd1b3 h4
28.c5 hxg3
29.fxg3 f4
30.Re1e4 fxg3
31.hxg3 Nd7f6
32.Re4xe6 Re8xe6
33.Qb3xe6 Qc7d7
34.Qe6xd7 Nf6xd7
35.Ra1e1 bxc5
36.Re1e4 cxb4
37.Bc3xb4 c5
38.Re4xg4 Bg7xd4
39.Rg4xd4 cxd4
40.Bg2xb7 Kxb7
41.Kg2 Kc6
42.Nf1d2 Nd7c5
43.Nd2f3 Kd5
44.a5 a6
45.Bb4a3 Rh8e8
46.g4 d3
47.Ba3b4 Re8e4
48.Bb4xc5 Kxc5
49.Kg3 Re4d4
50.Nf3d2 Kd5
51.Kf3 Rd4a4
52.g5 Ra4xa5
53.Ke3 Ke6
54.Kxd3 Ra5xg5
55.Kc4 Rg5b5
56.Nd2e4 Ke5
57.Ne4c5 Rb5a5
58.Nc5b3 Ra5a4
59.Kc5 Ke4
60.Kd6 Ra4a3
61.Nb3c5 Kd4
62.Nc5e6 Kc4
63.Kc6 Kb4
64.Kb6 a5
65.Ne6d4 a4
66.Nd4c2 Kb3
67.Nc2d4 Kc4
68.Nd4c6 Ra3h3
69.Nc6a5 Kb4
70.Na5c6 Kc3
{ resign }
0-1

[Event "1/128 Finale"]
[Site "www.chess-mail.com"]
[Date "2017.08.07"]
[Round "1"]
[White "Piriot"]
[Black "Chessington"]
[WhiteElo "2390"]
[BlackElo "2110"]
[Result "0-1"]
[Round "1"]
1.Ng1f3 e6
2.d4 Ng8f6
3.c4 Bf8b4
4.Nb1d2 O-O
5.a3 Bb4e7
6.e4 d5
7.e5 Nf6d7
8.b4 a5
9.b5 c5
10.Bc1b2 cxd4
11.Bb2xd4 Nd7c5
12.Bf1e2 a4
13.O-O Nb8d7
14.Qd1c2 b6
15.cxd5 exd5
16.Rf1e1 Bc8b7
17.Bd4b2 Nc5e6
18.Ra1c1 Ra8c8
19.Qc2xa4 Rc8xc1
20.Re1xc1 Nd7c5
21.Qa4d1 d4
22.Be2f1 d3
23.Nd2c4 Bb7d5
24.Nc4e3 Qd8d7
25.Ne3xd5 Qd7xd5
26.Bb2c3 Rf8d8
27.Bc3b4 Be7f8
28.Rc1c3 g6
29.h4 Bf8g7
30.Qd1b1 Bg7h6
31.Qb1a1 Bh6f4
32.Qa1e1 h5
33.Qe1b1 Qd5e4
34.Qb1d1 Bf4xe5
35.Nf3xe5 Qe4xe5
36.Rc3c4 Qe5d5
37.Rc4c3 Qd5f5
38.Rc3c4 Nc5e4
39.f3 Ne4g3
{ time. }
0-1

[Event "1/128 Finale"]
[Site "www.chess-mail.com"]
[Date "2017.08.07"]
[Round "1"]
[White "Attatroll"]
[Black "Julian"]
[WhiteElo "2010"]
[BlackElo "1660"]
[Result "1-0"]
[Round "1"]
1.d4 d6
2.e4 Ng8f6
3.Nb1c3 Nb8d7
4.f4 e5
5.dxe5 dxe5
6.Ng1f3 Bf8b4
7.Bf1d3 O-O
8.O-O c6
9.fxe5 Nf6g4
10.Kh1 Rf8e8
11.Qd1e2 Nd7xe5
12.Nf3xe5 Ng4xe5
13.Bc1d2 Ne5xd3
14.Qe2xd3 Qd8xd3
15.cxd3 Bc8e6
16.a3 Bb4a5
17.b4 Ba5c7
18.Bd2f4 Bc7xf4
19.Rf1xf4 Ra8d8
20.Rf4f3 Rd8d4
21.Nc3e2 Rd4d7
22.Ra1f1 Re8d8
23.Ne2f4 Be6b3
24.h3 g5
25.Nf4h5 Rd7xd3
26.Nh5f6 Kg7
27.Nf6h5 Kf8
28.Nh5f6 Kg7
29.Nf6h5 Kg6
30.g4 Rd3xf3
31.Rf1xf3 Rd8d1
32.Kg2 Rd1d2
33.Kg3 { resign }
1-0

[Event "1/128 Finale"]
[Site "www.chess-mail.com"]
[Date "2017.08.07"]
[Round "1"]
[White "Gvladutz"]
[Black "Julian"]
[WhiteElo "2329"]
[BlackElo "1490"]
[Result "1-0"]
[Round "1"]
1.d4 d6
2.e4 Ng8f6
3.Nb1c3 Nb8d7
4.f4 e5
5.Ng1f3 Bf8e7
6.fxe5 dxe5
7.dxe5 Nf6g4
8.Bc1f4 O-O
9.h3 Ng4h6
10.Qd1d2 c6
11.O-O-O Qd8b6
12.Bf4xh6 Rf8d8
13.Bh6g5 Be7xg5
14.Nf3xg5 h6
15.e6 fxe6
16.Nc3a4 Qb6c7
17.Ng5xe6 { resign }
1-0

[Event "Fast Game"]
[Site "www.echecsemail.com"]
[Date "2017.08.07"]
[Round "1"]
[White "Fabos12"]
[Black "Pellix84"]
[WhiteElo "1690"]
[BlackElo "1680"]
[Result "1-0"]
[Round "1"]
1.d4 Ng8f6
2.Ng1f3 d6
3.c4 b6
4.Nb1c3 Bc8b7
5.Qd1c2 h6
6.e4 Nb8d7
7.h3 e5
8.d5 Bf8e7
9.Bc1e3 O-O
10.g4 Nf6h7
11.Nc3e2 a5
12.a4 Nh7g5
13.Nf3xg5 Be7xg5
14.f4 Bg5h4
15.Be3f2  { time }
1-0

[Event "Tourn. n9478"]
[Site "www.chess-mail.com"]
[Date "2017.08.08"]
[Round "1"]
[White "Luban"]
[Black "Bojan"]
[WhiteElo "2150"]
[BlackElo "2020"]
[Result "1-0"]
[Round "1"]
1.d4 d5
2.Ng1f3 Bc8d7
3.e3 e6
4.a3 c5
5.c4 dxc4
6.Bf1xc4 b5
7.Bc4e2 a6
8.dxc5 Bf8xc5
9.b4 Bc5b6
10.Bc1b2 f6
11.Nb1c3 Ng8e7
12.O-O Qd8c7
13.Ra1c1 Qc7b7
14.Nf3d4 Nb8c6
15.Be2f3 O-O-O
16.Nd4xc6 Bd7xc6
17.Bf3xc6 Ne7xc6
18.Qd1c2 Kb8
19.Nc3e4 Nc6e7
20.Ne4c5 Qb7c8
21.Qc2e4 Rd8d6
22.Bb2d4 Ka7
23.Nc5xe6 Qc8xe6
24.Rc1c7 { resign }
1-0

[Event "Tourn. n9439"]
[Site "www.chess-mail.com"]
[Date "2017.08.08"]
[Round "1"]
[White "Dussek"]
[Black "Cal"]
[WhiteElo "1649"]
[BlackElo "1700"]
[Result "1-0"]
[Round "1"]
1.e4 e5
2.Ng1f3 d6
3.Bf1c4 h6
4.Nb1c3 a6
5.d3 Bc8g4
6.O-O Ng8f6
7.h3 Bg4xf3
8.Qd1xf3 Bf8e7
9.Nc3d5 c6
10.Nd5xe7 Qd8xe7
11.Bc1e3 b5
12.Bc4b3 O-O
13.Qf3g3 Nf6h5
14.Qg3g4 Nh5f4
15.Be3xf4 exf4
16.Qg4xf4 Nb8d7
17.Qf4g3 Nd7f6
18.f4 Nf6h5
19.Qg3h2 c5
20.Bb3d5 Qe7h4
21.Bd5xa8 Nh5g3
22.Rf1f3 Ng3e2
23.Kf1 Ne2d4
24.Rf3f2 Nd4e6
25.Ba8d5 Ne6d4
26.c3 Nd4e6
27.Kg1 Kh8
28.Ra1f1 Ne6c7
29.Bd5b3 f6
30.f5 a5
31.Rf2f4 Qh4h5
32.Bb3d1 Qh5f7
33.b3 a4
34.Rf4g4 a3
35.Qh2xd6 Nc7e8
36.Qd6xc5 Ne8c7
37.Qc5xa3 Rf8a8
38.Qa3b2 Nc7a6
39.b4 Na6c7
40.Bd1b3 Qf7e7
41.Rf1f3 Nc7e8
42.Rf3g3 g5
43.fxg6 Ne8g7
44.Rg4h4 h5
45.Qb2e2 Ng7f5
46.Rh4xh5 Kg7
47.Rh5h7 Kf8
48.Rh7xe7 Nf5xe7
49.g7 Ke8
50.g8Q Ne7xg8
51.Rg3xg8 { resign }
1-0

[Event "Tourn. n9465"]
[Site "www.chess-mail.com"]
[Date "2017.08.08"]
[Round "1"]
[White "Pachi"]
[Black "Samyaksamadh"]
[WhiteElo "1540"]
[BlackElo "1619"]
[Result "0-1"]
[Round "1"]
1.e4 c5
2.c3 g6
3.Ng1f3 Bf8g7
4.Bf1c4 e6
5.d4 cxd4
6.cxd4 d5
7.exd5 exd5
8.Bc4b5 Bc8d7
9.Qd1b3 Ng8f6
10.Bb5c4 dxc4
11.Qb3xb7 Bd7c6
12.Qb7b4 Qd8e7
13.Bc1e3 Qe7xb4
14.Nf3d2 Qb4xb2
{ resign }
0-1

[Event "Tourn. n9447"]
[Site "www.chess-mail.com"]
[Date "2017.08.08"]
[Round "1"]
[White "Xkafi"]
[Black "Astroboy"]
[WhiteElo "2050"]
[BlackElo "2260"]
[Result "0-1"]
[Round "1"]
1.e4 c6
2.Bf1c4 d5
3.exd5 cxd5
4.Bc4b3 Nb8c6
5.Qd1f3 Ng8f6
6.Ng1e2 e5
7.d3 Bc8e6
8.h3 Bf8e7
9.a3 O-O
10.Qf3g3 Nf6e8
11.Bc1h6 Be7h4
12.Qg3e3 gxh6
13.Qe3xh6 Bh4g5
14.Qh6h5 Ne8g7
15.Qh5f3 e4
16.dxe4 dxe4
17.Qf3xe4 Be6xb3
18.cxb3 Rf8e8
19.Qe4g4 Nc6d4
20.Nb1c3 Nd4c2
{ resign }
0-1

[Event "Tourn. n9440"]
[Site "www.chess-mail.com"]
[Date "2017.08.08"]
[Round "1"]
[White "Guidom"]
[Black "Pellix84"]
[WhiteElo "2070"]
[BlackElo "2110"]
[Result "1/2-1/2"]
[Round "1"]
1.e4 c5
2.Ng1f3 d6
3.c4 Nb8c6
4.Nb1c3 g6
5.d3 Bf8g7
6.Bf1e2 Ng8f6
7.O-O O-O
8.Bc1g5 h6
9.Bg5h4 Nf6h5
10.Bh4g3 a6
11.Qd1d2 Nc6d4
12.Nf3xd4 Nh5xg3
13.hxg3 cxd4
14.Nc3d1 e5
15.f4 f5
16.Be2f3 h5
17.exf5 Bc8xf5
18.Bf3d5 Kh8
19.fxe5 dxe5
20.Nd1f2 Kh7
21.Nf2e4 Bg7h6
22.Qd2e2 Qd8e7
23.b3 Ra8e8
24.Rf1f2 Bf5g4
25.Rf2xf8 Re8xf8
26.Qe2e1 Bh6e3
27.Kh2 Kg7
28.a3 Rf8h8
29.Qe1b4 Qe7xb4
30.axb4 Bg4e2
31.Ne4c5 h4
32.gxh4 Rh8xh4
33.Kg3 Rh4g4
34.Kh3 Be3f2
35.Nc5e6 Kf6
36.g3 Rg4xg3
37.Kh2 Be2xd3
38.Ra1a2 Bf2e1
39.Ne6c5 Bd3f5
40.Bd5xb7 Rg3h3
41.Kg2 d3
42.Ra2xa6 Kg5
43.Ra6d6 d2
44.Nc5e4 Bf5xe4
45.Bb7xe4 Rh3g3
46.Kf1 Rg3xb3
47.b5 Rb3c3
48.Be4xg6 Rc3xc4
49.Bg6h7 Rc4c1
50.Ke2 Rc1c4
51.b6 Rc4b4
52.Bh7c2 Rb4b2
53.Kd1 Kf4
54.Rd6d3 e4
55.Rd3b3 Rb2xb3
56.Bc2xb3 Ke3
57.b7 Be1g3
58.Bb3c4 Bg3f4
59.Bc4e2 Kd4
60.Kc2 Ke3
61.Kd1 Kf2
62.Be2h5 e3
63.Bh5e2 Kg3
{ draw }
1/2-1/2

[Event "Tourn. n9426"]
[Site "www.chess-mail.com"]
[Date "2017.08.08"]
[Round "1"]
[White "Roque1"]
[Black "Fedallah"]
[WhiteElo "2040"]
[BlackElo "1930"]
[Result "0-1"]
[Round "1"]
1.e4 e5
2.Ng1f3 Nb8c6
3.Bf1b5 a6
4.Bb5a4 Ng8f6
5.d3 b5
6.Ba4b3 Bf8e7
7.O-O Bc8b7
8.Bc1e3 O-O
9.Nb1d2 h6
10.c4 d6
11.Ra1c1 Nc6a5
12.Rc1c3 Na5xb3
13.Qd1xb3 Ra8b8
14.cxb5 axb5
15.Rf1c1 c5
16.Qb3c2 b4
17.Rc3b3 Bb7c6
18.d4 exd4
19.Nf3xd4 Bc6a4
20.Nd4f5 Ba4xb3
21.Qc2xb3 Nf6g4
22.Be3f4 Ng4e5
23.Bf4xe5 dxe5
24.Nd2f3 Be7f6
25.Rc1xc5 Rb8c8
26.Rc5xc8 Qd8xc8
27.Qb3xb4 Qc8c1
28.Nf3e1 Bf6g5
29.Nf5e3 Bg5xe3
30.fxe3 Qc1xe3
31.Kf1 f5
32.g3 fxe4
33.Kg2 Qe3e2
34.Kh3 Rf8f2
35.Ne1f3 Qe2xf3
36.Qb4c4 Kh7
37.Qc4e6 Qf3h5

0-1

[Event "Match"]
[Site "www.echecsemail.com"]
[Date "2017.08.08"]
[Round "1"]
[White "Pforjan"]
[Black "Pinehill"]
[WhiteElo "2169"]
[BlackElo "2060"]
[Result "1-0"]
[Round "1"]
1.b3 Ng8f6
2.Bc1b2 e6
3.e3 Bf8e7
4.f4 O-O
5.Ng1f3 d5
6.Bf1d3 c5
7.O-O Nb8c6
8.a3 a6
9.Nf3e5 Qd8c7
10.Qd1f3 b5
11.c4 Bc8b7
12.Qf3h3 h6
13.cxb5 axb5
14.Nb1c3 Nc6xe5
15.Nc3xb5 Ne5xd3
16.Nb5xc7 Nd3xb2
17.Nc7xa8 Rf8xa8
18.a4 Nb2d3
19.f5 e5
20.g4 d4
21.exd4 Nd3f4
22.Rf1xf4 exf4
23.Ra1c1 cxd4
24.Rc1c7 Be7b4
25.Rc7xb7 Bb4xd2
26.Qh3d3 Bd2e3
27.Kg2 Nf6xg4
28.Qd3b5 Ng4f6
29.Rb7b8 Ra8xb8
30.Qb5xb8 Kh7
31.Kf3 g5
32.fxg6 fxg6
33.Qb8d6 { resign }
1-0

[Event "Match"]
[Site "www.echecsemail.com"]
[Date "2017.08.08"]
[Round "1"]
[White "Mitja"]
[Black "Cjood"]
[WhiteElo "2050"]
[BlackElo "2110"]
[Result "1-0"]
[Round "1"]
1.d4 e6
2.e3 d5
3.c3 Ng8f6
4.Ng1e2 Nb8c6
5.Ne2g3 a6
6.Nb1d2 Bf8d6
7.Nd2b3 Bc8d7
8.Bf1e2 g6
9.Nb3d2 Qd8e7
10.b3 O-O-O
11.Nd2f3 h6
12.Bc1b2 Bd6xg3
13.hxg3 g5
14.Nf3h2 e5
15.dxe5 Qe7xe5
16.Qd1d2 Bd7e6
17.Nh2f3 Qe5f5
18.Nf3d4 Nc6xd4
19.cxd4 Nf6e4
20.Be2d3 Ne4xd2
21.Bd3xf5 Be6xf5
22.Kxd2 Rh8h7
23.f3 a5
24.g4 Bf5e6
25.a4 b6
26.Bb2a3 c6
27.b4 axb4
28.Ba3xb4 f5
29.gxf5 Be6xf5
30.g4 Bf5e6
31.Ra1c1 Kb7
32.a5 b5
33.Rc1a1 Ka6
34.Rh1c1 Rd8c8
35.Bb4c5 h5
36.gxh5 Rh7xh5
37.Bc5b6 Rh5h3
38.Rc1f1 Rh3h2
39.Kc3 Be6h3
40.Rf1g1 Rh2g2
41.Rg1xg2 Bh3xg2
42.Ra1g1 Bg2xf3
43.Rg1xg5 Bf3e2
44.Rg5g7 Rc8a8
45.Rg7c7 Be2h5
46.Rc7xc6 Bh5e8
47.Rc6c5 Be8f7
48.Kb4 Bf7e8
49.Rc5xd5 Ra8c8
50.Rd5c5 Rc8xc5
51.dxc5 Be8c6
52.Kc3 Bc6b7
53.Kd4 Bb7c6
54.e4 Bc6xe4
55.Kxe4 b4
56.Kd3 Kb5
57.Kc2 Kc4
58.a6 b3
59.Kb2 Kb5
60.a7 { resign }
1-0

[Event "Fast Game"]
[Site "www.echecsemail.com"]
[Date "2017.08.08"]
[Round "1"]
[White "Pellix84"]
[Black "Pyssso"]
[WhiteElo "1670"]
[BlackElo "1599"]
[Result "1-0"]
[Round "1"]
1.d4 Ng8f6
2.Ng1f3 e6
3.Bc1g5 c5
4.e3 Bf8e7
5.c4 O-O
6.Bf1e2 cxd4
7.Nf3xd4 Qd8a5
8.Nb1c3 Qa5xg5
9.Be2f3 Nb8c6
10.Nd4b5 d5
11.cxd5 Nf6xd5
12.Nc3xd5 exd5
13.Bf3xd5 Be7b4
14.Nb5c3 Bc8g4
15.Qd1b3 Ra8e8
16.O-O Bb4xc3
17.bxc3 Nc6e5
18.Qb3xb7 Re8b8
19.Qb7xa7 Bg4f3
20.Bd5xf3 Ne5xf3
21.Kh1 Nf3h4
22.Rf1g1 Rb8b2
23.e4  { time }
1-0

[Event "Tourn. n9468"]
[Site "www.chess-mail.com"]
[Date "2017.08.09"]
[Round "1"]
[White "Amaya"]
[Black "Cjood"]
[WhiteElo "2050"]
[BlackElo "2000"]
[Result "1-0"]
[Round "1"]
1.d4 c5
2.c3 cxd4
3.cxd4 e5
4.e3 e4
5.f4 exf3
6.Qd1xf3 Bf8b4
7.Bc1d2 Bb4xd2
8.Nb1xd2 Qd8b6
9.b3 Ng8f6
10.Bf1d3 O-O
11.Ng1e2 d5
12.Ne2f4 Nb8c6
13.Nf4xd5 Nf6xd5
14.Nd2c4 Qb6b4
15.Kf2 Nd5f6
16.Rh1f1 Bc8d7
17.Kg1 Ra8e8
18.Qf3f4 Qb4c3
19.Ra1d1 Nf6d5
20.Qf4h4 g6
21.Rf1f3 h5
22.Rf3g3 Kg7
23.Qh4xh5 Nd5xe3
24.Rg3xg6 { resign }
1-0

[Event "Tourn. n9468"]
[Site "www.chess-mail.com"]
[Date "2017.08.09"]
[Round "1"]
[White "Sorim"]
[Black "Amaya"]
[WhiteElo "1930"]
[BlackElo "2050"]
[Result "1-0"]
[Round "1"]
1.e4 e6
2.c4 Ng8f6
3.Nb1c3 b6
4.e5 Nf6g8
5.Ng1f3 f6
6.d4 Bf8b4
7.a3 Bb4xc3
8.bxc3 Ng8e7
9.Bf1d3 Bc8b7
10.exf6 gxf6
11.a4 Nb8c6
12.Nf3h4 f5
13.Bc1g5 Rh8g8
14.Qd1h5 Rg8g6
15.Nh4xg6 hxg6
16.Qh5h8 Kf7
17.Qh8h7 Kf8
18.h4 Qd8e8
19.Bg5h6 
1-0

[Event "Tourn. n9480"]
[Site "www.chess-mail.com"]
[Date "2017.08.09"]
[Round "1"]
[White "Mitja"]
[Black "Bojan"]
[WhiteElo "2000"]
[BlackElo "2020"]
[Result "1-0"]
[Round "1"]
1.d4 g6
2.e3 d5
3.c3 Bf8g7
4.Nb1d2 a6
5.Nd2b3 b6
6.h3 Bc8f5
7.Ng1e2 Ng8f6
8.Ne2g3 Bf5d7
9.Bf1d3 c5
10.dxc5 Bd7a4
11.cxb6 Qd8xb6
12.O-O Nb8d7
13.Bd3c2 Ra8d8
14.Nb3d4 Ba4xc2
15.Qd1xc2 e5
16.Nd4f3 Qb6e6
17.b3 Nd7c5
18.Bc1a3 Nc5e4
19.Ng3xe4 Nf6xe4
20.Ra1c1 Rd8c8
21.Qc2d3 Ne4c5
22.Ba3xc5 Rc8xc5
23.Rf1d1 O-O
24.Nf3g5 Qe6d7
25.Qd3xa6 h6
26.Ng5f3 e4
27.Nf3d4 Qd7c7
28.c4 dxc4
29.Rc1xc4 Rc5xc4
30.Qa6xc4 Qc7b7
31.a4 Rf8c8
32.Qc4b5 Qb7c7
33.Qb5d5 Rc8e8
34.Nd4b5 Qc7b8
35.Rd1c1 Bg7e5
36.Rc1c6 Kg7
37.Rc6c1 h5
38.b4 f6
39.Rc1b1 f5
40.Nb5d4 Kh6
41.b5 f4
42.Nd4c6 Qb8a8
43.a5 fxe3
44.fxe3 Re8e7
45.Qd5c5 Re7e8
46.Nc6xe5 Qa8xa5
47.Ne5c6 Qa5a2
48.Qc5b4 Qa2c2
49.Nc6d4 Qc2d3
50.Qb4b3 Re8f8
51.Qb3xd3 exd3
52.Rb1d1 { resign }
1-0

[Event "Tourn. n9406"]
[Site "www.chess-mail.com"]
[Date "2017.08.09"]
[Round "1"]
[White "Nulladies"]
[Black "Andychesston"]
[WhiteElo "1940"]
[BlackElo "1990"]
[Result "0-1"]
[Round "1"]
1.d4 d5
2.Bc1f4 e6
3.Ng1f3 Nb8c6
4.e3 Ng8f6
5.Nb1d2 Bf8d6
6.Nf3e5 O-O
7.Nd2f3 Nf6e4
8.Nf3d2 Nc6xe5
9.dxe5 Bd6b4
10.c3 Bb4c5
11.Nd2xe4 dxe4
12.Qd1g4 f5
13.Qg4g3 g6
14.Ra1d1 Qd8e7
15.Bf4g5 Qe7f7
16.Bf1c4 a6
17.Bg5f6 b5
18.Bc4e2 Bc5e7
19.Bf6xe7 Qf7xe7
20.O-O Bc8b7
21.c4 b4
22.b3 a5
23.h4 Rf8f7
24.h5 g5
25.f4 g4
26.Be2xg4 fxg4
27.Qg3xg4 Rf7g7
28.Qg4h3 Kh8
29.Rd1d2 Ra8g8
30.Rf1f2 Rg7g3
31.Qh3h2 Rg3xe3
32.Kf1 Rg8g3
33.Rd2e2 Re3c3
34.Re2c2 Qe7g7
35.Rc2d2 Rc3d3
36.Rd2c2 Qg7g4
37.Rc2d2 Rd3xd2
38.Rf2xd2 Qg4xf4
39.Rd2f2 Qf4c1
40.Ke2 Rg3e3
{ resign }
0-1

[Event "Tourn. n9480"]
[Site "www.chess-mail.com"]
[Date "2017.08.09"]
[Round "1"]
[White "Luban"]
[Black "Bojan"]
[WhiteElo "2150"]
[BlackElo "2030"]
[Result "1-0"]
[Round "1"]
1.d4 g6
2.c4 d5
3.e3 Bf8g7
4.Ng1f3 Bc8f5
5.Nb1c3 dxc4
6.Bf1xc4 f6
7.h3 a6
8.e4 Bf5d7
9.O-O e6
10.Bc1f4 Ng8e7
11.Ra1c1 Nb8c6
12.d5 exd5
13.Nc3xd5 Nc6e5
14.Bf4xe5 fxe5
15.Nd5xc7 Kf8
16.Nc7xa8 Ne7c6
17.Qd1d5 Qd8e7
18.Na8b6 Bd7e8
19.Nb6c8 Qe7f6
20.Qd5c5 Nc6e7
21.Nc8xe7 { resign }
1-0

[Event "Match"]
[Site "www.echecsemail.com"]
[Date "2017.08.09"]
[Round "1"]
[White "Bstev"]
[Black "Ditto"]
[WhiteElo "1799"]
[BlackElo "1860"]
[Result "1-0"]
[Round "1"]
1.e4 e5
2.Ng1f3 Nb8c6
3.Bf1c4 Ng8f6
4.d4 exd4
5.O-O Bf8c5
6.e5 Nf6g8
7.Rf1e1 Ng8e7
8.Bc1g5 a6
9.Nb1d2 Ra8b8
10.Nd2e4 Bc5b4
11.c3 dxc3
12.bxc3 Bb4a5
13.Ne4d6 cxd6
14.exd6 f6
15.Bg5d2 b5
16.Bc4d5 Qd8b6
17.Bd5xc6 Qb6xc6
18.Re1xe7 Kf8
19.Bd2h6 Rh8g8
20.Nf3g5 { resign }
1-0

[Event "Match"]
[Site "www.echecsemail.com"]
[Date "2017.08.09"]
[Round "1"]
[White "Yakke"]
[Black "Ikke"]
[WhiteElo "1790"]
[BlackElo "1159"]
[Result "1-0"]
[Round "1"]
1.e4 b6
2.d4 e6
3.Ng1f3 g6
4.Nb1c3 Ng8f6
5.h3 h5
6.e5 Nf6h7
7.Bf1e2 Bc8b7
8.d5 c6
9.d6 c5
10.O-O f5
11.Nf3d2 Nb8c6
12.Nd2f3 Nc6b4
13.a3 Nb4c6
14.Nc3b5 g5
15.Nb5c7 Qd8xc7
16.dxc7 f4
17.Be2b5 Ra8c8
18.Qd1d3 Nc6e7
19.Qd3xd7 Kf7
20.Nf3d2 a5
21.Nd2c4 Kg6
22.Qd7xe6 Kg7
23.Nc4d6 Rc8a8
24.Qe6f7 Kh6
25.Qf7e6 Ne7g6
26.c8Q Bb7xc8
27.Nd6f5 
1-0